[Event "Pfalz op-B 10th"]
[Site "Neustadt an der Weinstrasse"]
[Date "2019.03.02"]
[Round "2"]
[White "Engel, Harald"]
[Black "Rummelshaus, Heinz"]
[Result "1/2-1/2"]
[WhiteElo "1710"]
[BlackElo "1875"]
[PlyCount "92"]
[EventDate "2019.03.01"]
[EventType "swiss"]
[EventRounds "7"]
[EventCountry "GER"]
[SourceTitle "CBM 189 Extra"]
[Source "ChessBase"]
[SourceDate "2019.06.03"]
[SourceVersion "1"]
[SourceVersionDate "2019.06.03"]
[SourceQuality "1"]

1. e4 c5 2. c4 Nc6 3. Nc3 g6 4. g3 Bg7 5. Bg2 d6 6. Nge2 Bg4 7. h3 Be6 8. d3 Qc8 9. Be3 f5 10. b3 Nf6 11. Qd2 fxe4 12. dxe4 0-0 13. Rd1 a6 14. Nf4 Bd7 15. Nfd5 Rf7 16. Nb6 Qd8 17. Nxa8 Qxa8 18. 0-0 Qc8 19. Kh2 b5 20. cxb5 axb5 21. Nd5 Nxd5 22. exd5 Nb4 23. Rde1 Bf5 24. g4 Bxg4 25. hxg4 Qxg4 26. f4 Rf5 27. Bh3 Rh5 28. Qg2 Qf5 29. Rd1 Nc2 30. Bf2 Nd4 31. Be3 Ne2 32. Rd2 Nc3 33. Rh1 Kf8 34. Kg1 Qb1+ 35. Qf1 Qe4 36. Rd3 c4 37. Rxc3 Bxc3 38. Qc1 Bf6 39. Bg2 Rxh1+ 40. Kxh1 Qd3 41. Qd2 Qb1+ 42. Kh2 c3 43. Qe2 c2 44. Qxb5 c1Q 45. Bxc1 Qxc1 46. Qc4 Qxc4 1/2-1/2

[Event "Cologne Longerich op-A 11th"]
[Site "Cologne"]
[Date "2014.08.03"]
[Round "5"]
[White "Rummelshaus, Heinz"]
[Black "Arold, Gerhard"]
[Result "1-0"]
[WhiteElo "1845"]
[BlackElo "2026"]
[PlyCount "69"]
[EventDate "2014.08.01"]
[EventType "swiss"]
[EventRounds "5"]
[EventCountry "GER"]
[SourceTitle "EXT 2022"]
[Source "ChessBase"]
[SourceDate "2021.10.06"]
[SourceVersion "1"]
[SourceVersionDate "2021.10.06"]
[SourceQuality "1"]

1. f4 d5 2. Nf3 Bf5 3. g3 e6 4. Bg2 h6 5. 0-0 Nd7 6. d3 c6 7. e3 Qc7 8. Qe2 Bc5 9. Kh1 0-0-0 10. a4 f6 11. d4 Be7 12. a5 g5 13. Bd2 Bxc2 14. b4 Nb8 15. b5 Bb3 16. Rc1 Bc4 17. Rxc4 dxc4 18. Qxc4 Kd7 19. Ra4 Bd6 20. e4 g4 21. Nh4 Rh7 22. f5 Re8 23. fxe6+ Rxe6 24. Nf5 Re8 25. Nc3 Ne7 26. Nxd6 Qxd6 27. Bf4 Qe6 28. Qc5 Rc8 29. Bf1 Ke8 30. Bc4 Qd7 31. Qh5+ Kd8 32. Be2 f5 33. exf5 cxb5 34. Bxb5 Qxf5 35. Qe8# 1-0

[Event "Cologne Longerich op-A 11th"]
[Site "Cologne"]
[Date "2014.08.03"]
[Round "4"]
[White "Turco, Alfonso"]
[Black "Rummelshaus, Heinz"]
[Result "0-1"]
[WhiteElo "2006"]
[BlackElo "1845"]
[PlyCount "68"]
[EventDate "2014.08.01"]
[EventType "swiss"]
[EventRounds "5"]
[EventCountry "GER"]
[SourceTitle "EXT 2022"]
[Source "ChessBase"]
[SourceDate "2021.10.06"]
[SourceVersion "1"]
[SourceVersionDate "2021.10.06"]
[SourceQuality "1"]

1. b3 b5 2. Bb2 Bb7 3. e3 Nf6 4. Nf3 a6 5. c4 bxc4 6. Bxc4 e6 7. 0-0 Be7 8. Nc3 c5 9. Be2 Nc6 10. Rc1 0-0 11. Na4 d6 12. Qc2 Nb4 13. Qb1 Be4 14. d3 Bc6 15. Nc3 Qd7 16. e4 a5 17. d4 Qb7 18. e5 Ne4 19. dxc5 dxe5 20. Nxe5 Nd2 21. Qa1 Bxg2 22. c6 Nxc6 23. Nxc6 Bxc6 24. Nd1 Bf3 25. Re1 Qe4 26. Be5 Bf6 27. Nc3 Qxe5 28. h4 Rac8 29. Bc4 Qf4 30. Ne2 Qg4+ 31. Ng3 Rxc4 32. Kh2 Qxh4+ 33. Kg1 Rg4 34. Rc3 Qh1# 0-1

[Event "Cologne Longerich op-A 11th"]
[Site "Cologne"]
[Date "2014.08.01"]
[Round "1"]
[White "Rummelshaus, Heinz"]
[Black "Schumacher, Markus"]
[Result "1/2-1/2"]
[WhiteElo "1845"]
[BlackElo "1721"]
[PlyCount "51"]
[EventDate "2014.08.01"]
[EventType "swiss"]
[EventRounds "5"]
[EventCountry "GER"]
[SourceTitle "EXT 2022"]
[Source "ChessBase"]
[SourceDate "2021.10.06"]
[SourceVersion "1"]
[SourceVersionDate "2021.10.06"]
[SourceQuality "1"]

1. f4 Nh6 2. g3 g6 3. Bg2 Bg7 4. Nf3 d6 5. 0-0 0-0 6. e4 c5 7. Nc3 Nc6 8. d3 f5 9. Be3 Rb8 10. Rb1 Ng4 11. Bf2 e5 12. fxe5 Nxf2 13. Rxf2 Nxe5 14. Nxe5 Bxe5 15. Kh1 f4 16. gxf4 Rxf4 17. Rxf4 Bxf4 18. Qf3 Qh4 19. h3 Qg3 20. Qxg3 Bxg3 21. Ne2 Be5 22. c3 Bd7 23. d4 cxd4 24. cxd4 Bg7 25. Rd1 b6 26. Nc3 1/2-1/2

[Event "Moehnesee Cup 36th"]
[Site "Moehnesee"]
[Date "2010.08.26"]
[Round "1"]
[White "Rummelshaus, Heinz"]
[Black "Richter, Gerald"]
[Result "0-1"]
[WhiteElo "1927"]
[BlackElo "2119"]
[PlyCount "98"]
[EventDate "2010.08.26"]
[EventType "swiss"]
[EventRounds "7"]
[EventCountry "GER"]
[SourceTitle "EXT 2011"]
[Source "ChessBase"]
[SourceDate "2010.11.26"]
[SourceVersion "1"]
[SourceVersionDate "2010.11.26"]
[SourceQuality "1"]

1. d4 Nf6 2. c4 e6 3. Nc3 Bb4 4. e3 0-0 5. Bd3 b6 6. Nge2 d5 7. a3 Be7 8. 0-0 Ba6 9. cxd5 Bxd3 10. Qxd3 exd5 11. Kh1 Re8 12. Bd2 c5 13. Rad1 Nc6 14. Bc1 c4 15. Qf5 g6 16. Qh3 Qc8 17. Qf3 Qd7 18. g3 Rad8 19. Qg2 Bf8 20. h3 Ne7 21. e4 Nxe4 22. Nxe4 dxe4 23. Bg5 Qf5 24. Be3 Nd5 25. Nf4 Bg7 26. Nxd5 Qxd5 27. Rd2 b5 28. Rc1 a6 29. Kh2 Qe6 30. Qf1 Rd5 31. Rcd1 h6 32. Rc1 f5 33. Qe2 g5 34. Re1 Qf7 35. f4 exf3 36. Qxf3 Re4 37. Red1 Qe6 38. Bf2 g4 39. Qg2 h5 40. Qh1 Bh6 41. Rc2 f4 42. h4 fxg3+ 43. Kxg3 Bf4+ 44. Kg2 Re2 45. Rxe2 Qxe2 46. Qe1 Qf3+ 47. Kg1 Kf7 48. Qf1 g3 49. Be1 Be3+ 0-1